00510nam a22001697a 450000500170000000800410001702000180005804000210007604100080009708200170010510000260012224500840014826000420023265000160027465000220029070000280031220260401071240.0260401b |||||||| |||| 00| 0 eng d a9789364404846 aIN-DiNCcIN-DiNC deng a364.168bKUM aKumar, Puneeteauthor aCyber crime and security in banks (Minor4)/cby Puneet Kumar and Namrata Chawla aLudhiana:bKalyani publishers,c2025. aCyber crime aSecurity in banks aChawla, Namrataeauthor